| 000 | 00938nam a22002897a 4500 | ||
|---|---|---|---|
| 001 | BR7701171 | ||
| 003 | BR-BrBNA | ||
| 005 | 20230928085209.0 | ||
| 007 | ta | ||
| 008 | 230509b bl.||||| |||| 00| 0 por d | ||
| 040 |
_aBR-BrBNA _bpor _cBiblioteca Nacional de Agricultura |
||
| 041 | _a(Por) | ||
| 072 |
_aE10 _b2110 _b/G514 |
||
| 090 | _ 2110 BR7701171 | ||
| 100 | 1 | _aMacedo, A.F. de | |
| 110 | 1 |
_aUniversidade Federal da Bahia, Salvador (Brasil) _0Tese (Mestre em Economia) _910725 |
|
| 245 | 1 | _aAvaliacao social de custo-beneficio da atividade de exportacao do cacau brasileiro na forma de produtos derivados | |
| 260 | 3 |
_aSalvador, BA (Brasil): _c1976. |
|
| 300 | _a82 p. | ||
| 500 | _a21 illus.; 28 ref. (*) Documento disponível na(o) CEPLAC, Ilheus, BA (Brazil) | ||
| 650 | _aCacau | ||
| 650 | _aConsumo | ||
| 650 | _aExportacao | ||
| 650 | _aCusto-beneficio | ||
| 909 |
_a202309 _bLucia _c55 _dLucia Elande |
||
| 942 | _cBK | ||
| 999 |
_c23236 _d23236 |
||